Postoje zákazníka

Nákupné správanie ovplyvňujú rôzne faktory. Definovanie zákazníckych postojov. Orientácia a vnútorná štruktúra zákazníckych postojov.

Guardado en:
Detalles Bibliográficos
Autor principal: Adamková, Hana, 1969-
Formato: Capítulo de libro
Lenguaje:eslovaco
Materias:
Etiquetas: Agregar Etiqueta
Sin Etiquetas, Sea el primero en etiquetar este registro!

MARC

LEADER 00000naa a2200000 4500
001 r048291
005 20240502071343.1
041 0 |a slo 
044 |a SK 
245 1 0 |a Postoje zákazníka  |c Hana Adamková 
520 |a Nákupné správanie ovplyvňujú rôzne faktory. Definovanie zákazníckych postojov. Orientácia a vnútorná štruktúra zákazníckych postojov. 
610 2 0 |a správanie spotrebiteľa 
610 2 0 |a zákazníci 
610 2 0 |a postoje 
610 2 0 |a nákup 
100 1 |a Adamková, Hana, 1969-